| 000 | 00000nam 2200000zi 4500 |
| 001 | 9.930474 |
| 003 | CaOODSP |
| 005 | 20250218135108 |
| 006 | m o d f |
| 007 | cr |n||||||||| |
| 008 | 231117e20211805onc ob f|0| 0 eng d |
| 040 | |aCaOODSP|beng|erda|cCaOODSP |
| 043 | |an-cn--- |
| 086 | 1 |aF2-297/2021E-PDF |
| 245 | 00|aAudit of goods and services expenditures related to COVID-19 : |binternal audit report / |cpresented by Internal Audit Directorate. |
| 264 | 1|a[Ottawa] : |bDepartment of Finance Canada = Ministère des Finances Canada, |cMay 18, 2021. |
| 300 | |a1 online resource (25 pages) |
| 336 | |atext|btxt|2rdacontent |
| 337 | |acomputer|bc|2rdamedia |
| 338 | |aonline resource|bcr|2rdacarrier |
| 500 | |aIssued also in French under title: Audit des dépenses en biens et services liées à la COVID-19 : rapport d’audit interne. |
| 504 | |aIncludes bibliographical references (pages 24-25). |
| 610 | 10|aCanada. |bDepartment of Finance|xAuditing. |
| 650 | 0|aCOVID-19 Pandemic, 2020-2023|xGovernment policy|zCanada|xAuditing. |
| 650 | 0|aGovernment purchasing|zCanada|xManagement|xAuditing. |
| 650 | 0|aTelecommuting|zCanada|xEquipment and supplies. |
| 710 | 1 |aCanada. |bDepartment of Finance. |bInternal Audit Directorate, |eissuing body. |
| 775 | 08|tAudit des dépenses en biens et services liées à la COVID-19 : |w(CaOODSP)9.931465 |
| 856 | 40|qPDF|s1,009 KB|uhttps://publications.gc.ca/collections/collection_2023/fin/F2-297-2021-eng.pdf |